000 00258nam a2200097Ia 4500
001 652748
005 20250826154444.0
008 250824s9999 xx 000 0 und d
245 0 _aRUBY RAGERS ÇIKAR BENİ BURADAN!
_cSUE LİMB
260 _bALTIN KİTAP YAYINLARI
999 _c652748
_d652748